Hoá học các hợp chất cao phân tử

Shranjeno v:
Bibliografske podrobnosti
Glavni avtor: Thái, Doãn Tĩnh
Format: Knjiga
Jezik:Undetermined
Izdano: Hà Nội Khoa học và Kỹ thuật 2005
Teme:
Oznake: Označite
Brez oznak, prvi označite!
Thư viện lưu trữ: Trung tâm Học liệu Trường Đại học Cần Thơ
LEADER 00555nam a2200193Ia 4500
001 CTU_100777
008 210402s9999 xx 000 0 und d
020 |c 74000 
082 |a 541.22 
082 |b T312 
100 |a Thái, Doãn Tĩnh 
245 0 |a Hoá học các hợp chất cao phân tử 
245 0 |c Thái Doãn Tĩnh 
260 |a Hà Nội 
260 |b Khoa học và Kỹ thuật 
260 |c 2005 
650 |a Theoretical chemistry 
904 |i Hiếu 
980 |a Trung tâm Học liệu Trường Đại học Cần Thơ